Statistics for Map of the Americas with Random Merged Countries

Click here to take the quiz!

General Stats

  • This quiz has been taken 9,239 times
  • The average score is 10 of 10

Answers on the Map

Answers color-coded by a green-red scale on the quiz's map according to % correct below.
 

Answer Stats

Group NameCountry% Correct
Merged CountriesBrazil
100%
Merged CountriesBrazil
100%
Merged CountriesCanada
100%
Merged CountriesUnited States
100%
Merged CountriesArgentina
99%
Merged CountriesArgentina
99%
Merged CountriesBrazil
99%
Merged CountriesBrazil
99%
Merged CountriesBrazil
99%
Merged CountriesBrazil
99%
Merged CountriesBrazil
99%
Merged CountriesBrazil
99%
Merged CountriesBrazil
99%
Merged CountriesChile
99%
Merged CountriesColombia
99%
Merged CountriesPeru
99%
Merged CountriesPeru
99%
Merged CountriesUnited States
99%
Merged CountriesArgentina
98%
Merged CountriesColombia
98%
Merged CountriesMexico
98%
Merged CountriesPeru
98%
Merged CountriesUruguay
98%
Merged CountriesArgentina
97%
Merged CountriesBolivia
97%
Merged CountriesChile
97%
Merged CountriesParaguay
97%
Merged CountriesVenezuela
97%
Merged CountriesBolivia
96%
Merged CountriesBolivia
96%
Merged CountriesBolivia
96%
Merged CountriesParaguay
96%
Merged CountriesUruguay
96%
Merged CountriesBolivia
95%
Merged CountriesColombia
95%
Merged CountriesColombia
94%
Merged CountriesArgentina
93%
Merged CountriesGuyana
93%
Merged CountriesSuriname
93%
Merged CountriesVenezuela
93%
Merged CountriesVenezuela
93%
Merged CountriesEcuador
92%
Merged CountriesEcuador
92%
Merged CountriesGuatemala
92%
Merged CountriesGuyana
92%
Merged CountriesParaguay
92%
Merged CountriesPeru
92%
Merged CountriesHaiti
91%
Merged CountriesHonduras
91%
Merged CountriesHonduras
91%
Merged CountriesMexico
91%
Merged CountriesGuyana
90%
Merged CountriesNicaragua
90%
Merged CountriesSuriname
90%
Merged CountriesDominican Republic
88%
Merged CountriesGuatemala
87%

Score Distribution

Percentile by Number Answered

Percent of People with Each Score

Your Score History

You have not taken this quiz